Statystyki dla Państwa z najmniejszą oczekiwaną długością życia

Kliknij tutaj aby rozwiązać quiz!

Ogólne statystyki

  • Ten quiz został rozwiązany 56 razy
  • Średni wynik to 8 z 15

Statystyki odpowiedzi

Długość
życia
Państwo% Poprawnych
49,81Czad
79%
53,02Nigeria
79%
51,96Somalia
71%
52,15Zambia
69%
52,94Mozambik
60%
51,81Republika
Środkowoafrykańska
60%
54,93Uganda
60%
52,04Gabon
54%
50,87Afganistan
48%
54,18Botswana
48%
52,86Lesotho
48%
51,62Namibia
48%
50,23Gwinea Bissau
46%
51,05Eswatini
44%
55,12Burkina Faso
33%

Rozkład punktacji

Percentyl według liczby udzielonych odpowiedzi

Procent ludzi z każdym wynikiem

Twoja historia wyników

Nie rozwiązałeś tego quizu